Las Elites de nueva Guatemala 1770-1821: rivalidades y poder colonial /

Los estudios sobre las élites coloniales, han demostrado cómo las grandes familias locales creaban intereses entre ellas. En el estado actual de la historiografía parece que es necesario subrayar la complejidad de la formación de los grupos dominantes. Estas se caracterizan por su diversidad, por lo...

وصف كامل

محفوظ في:
التفاصيل البيبلوغرافية
المؤلف الرئيسي: Sánchez, Evelyne
التنسيق: نص
الموضوعات:
الوسوم: إضافة وسم
لا توجد وسوم, كن أول من يضع وسما على هذه التسجيلة!

MARC

LEADER 00000 a a2200000 04500
001 9553
003
040
100 |a Sánchez, Evelyne  
245 |a Las Elites de nueva Guatemala 1770-1821:   |b rivalidades y poder colonial /  |c Evelyne Sánchez 
520 |a Los estudios sobre las élites coloniales, han demostrado cómo las grandes familias locales creaban intereses entre ellas. En el estado actual de la historiografía parece que es necesario subrayar la complejidad de la formación de los grupos dominantes. Estas se caracterizan por su diversidad, por lo cual nacen rivalidades entre las familias y entre los grupos de poder. Por otra parte la relación entre estos grupos y la Corona, ya fuese de apoyo mutuo o conflictivos, revisten una importancia particular en los tiempos próximos a la independencia. El trabajo enfatiza en los intereses que defendían los diferentes grupos de poder locales así como de las rivalidades que existían entre ellos y también de lo que de esto obtenía la Corona. Con ello se permite dar un ejemplo de la evolución del consenso colonial en una época clave de la historia de Guatemala. OB/LOB  
650 |a CLASE DIRIGENTE  
650 |a PODER POLITICO  
650 |a DESARROLLO ECONOMICO Y SOCIAL  
650 |a GRUPOS DE INTERESES  
650 |a ANALISIS HISTORICO  
650 |a EPOCA COLONIAL  
773 |g volumen 17, número 31, Espe; páginas 129-156  
999 |c 26843  |d 26843